Digital Design (Record no. 23106)

000 -LEADER
fixed length control field 00299nam a22001217a 4500
003 - CONTROL NUMBER IDENTIFIER
control field NUST
005 - DATE AND TIME OF LATEST TRANSACTION
control field 20170620121817.0
008 - FIXED-LENGTH DATA ELEMENTS--GENERAL INFORMATION
fixed length control field 140408b xxu||||| |||| 00| 0 eng d
020 ## - INTERNATIONAL STANDARD BOOK NUMBER
Terms of availability Available
040 ## - CATALOGING SOURCE
Original cataloging agency DLC
Language of cataloging DLC
Transcribing agency RCMS
050 ## - LIBRARY OF CONGRESS CALL NUMBER
Classification number 621.395 MOR
082 ## - DEWEY DECIMAL CLASSIFICATION NUMBER
Classification number 621.395 MOR
Author Mark 000003
Edition number 3rd ed.
100 ## - MAIN ENTRY--PERSONAL NAME
Personal name M. Morris Mano
9 (RLIN) 2910
245 ## - TITLE STATEMENT
Title Digital Design
Statement of responsibility, etc. M. Morris Mano
250 ## - EDITION STATEMENT
Edition statement 3rd ed.
260 ## - PUBLICATION, DISTRIBUTION, ETC.
Place of publication, distribution, etc. India
Name of publisher, distributor, etc. Pearson Education
Date of publication, distribution, etc. c2004.
538 ## - SYSTEM DETAILS NOTE
Display text Shelf # 09, Row # 1, History & Digital Design.
856 ## - ELECTRONIC LOCATION AND ACCESS
Materials specified Table of Contents Only.
942 ## - ADDED ENTRY ELEMENTS (KOHA)
Koha item type Book
Source of classification or shelving scheme
Classification part 621.395 MOR
Holdings
Withdrawn status Lost status Source of classification or shelving scheme Damaged status Not for loan Permanent Location Current Location Shelving location Date acquired Total Checkouts Full call number Barcode Date last seen Price effective from Koha item type Date last checked out
          NUST Baluchistan Campus (NBC) NUST Baluchistan Campus (NBC) General Stacks 04/11/2014   621.395MAN RCMS000138 04/11/2014 04/11/2014 Book  
          NUST Baluchistan Campus (NBC) NUST Baluchistan Campus (NBC) General Stacks 04/11/2014   621.395MAN RCMS000139 04/11/2014 04/11/2014 Book  
          NUST Baluchistan Campus (NBC) NUST Baluchistan Campus (NBC) General Stacks 05/09/2014   621.395MAN RCMS000966 05/09/2014 05/09/2014 Book  
          NUST Baluchistan Campus (NBC) NUST Baluchistan Campus (NBC) General Stacks 05/09/2014   621.395MAN RCMS000967 05/09/2014 05/09/2014 Book  
          NUST Baluchistan Campus (NBC) NUST Baluchistan Campus (NBC) General Stacks 05/09/2014   621.395MAN RCMS000991 05/09/2014 05/09/2014 Book  
          NUST Baluchistan Campus (NBC) NUST Baluchistan Campus (NBC) General Stacks 05/09/2014 1 621.395MAN RCMS000992 06/27/2018 05/09/2014 Book 11/27/2015
          School of Interdisciplinary Engineering and Sciences (SINES) School of Interdisciplinary Engineering and Sciences (SINES) General Stacks 04/08/2014   621.395MAN RCMS000003 04/08/2014 04/08/2014 Book  
© 2023 Central Library, National University of Sciences and Technology. All Rights Reserved.